00773nam a2200241 a 4500001001300000003000900013005001700022008004100039020002300080082001500103100002600118245009200144260004300236300000900279500003500288650002300323700001800346700001900364902000800383942000700391952011600398999001700514nice12345678IN_TiNIC20260116014026.0071218s2007 lona grp 000 0 eng  a0415368359 c89500a297.1bDUD aDudoignon, Stephane A aIntellectuals in Yhe Modern Islamic Worldb Transmission, Transformation, Communication aLondon bRoutledge Chapman Hall c2007 a375p aincludes index and biblioraphy aIslam-20th Century1 aKomatsh Hisao1 aKosugi Yasushi bSRS cBK 001040708StackRoom-aHMIbHMId2008-04-01g895.00l0o297.1 DUDp022162r2008-04-01v895.00w2007-12-18yBK c13555d13555